LEADER 00997nam2 22002653i 450 001 FER0178168 005 20231121125503.0 100 $a20131204e19731872||||0itac50 ba 101 | $afre 102 $ach 181 1$6z01$ai $bxxxe 182 1$6z01$an 200 0 $a1-2 205 $aRéimpr 210 $aGenève$cSlatkine reprints$d1973 215 $a2 v. in 1 ( XXI, 332$dVIII, 360) ; 19 cm. 461 1$1001SBL0232229$12001 $aRecueil général et complet des fabliaux des 13. et 14. siècles, imprimés ou inédits publiés avec des notes et variantes d'après les manuscrits$fAnatole de Montaiglon et Gaston Raynaud$v1-2 801 3$aIT$bIT-01$c20131204 850 $aIT-FR0017 899 $aBiblioteca umanistica Giorgio Aprea$bFR0017 912 $aFER0178168 950 2$aBiblioteca umanistica Giorgio Aprea$d 52MAG 7/328.1/2$e 52FLS0000026035 VMN RS $fA $h20131204$i20131204 977 $a 52 996 $a1-2$91576245 997 $aUNICAS